000
00242nam a2200097Ia 4500
008
240331s9999 xx 000 0 und d
082
_b
MUR
100
_a
Muricken, Ajit. ed
245
0
_a
Poverty and vulnerability cycles in South Asia
942
_c
L
999
_c
5865
_d
5865